000 00434nam a2200121Ia 4500
008 200908s9999 xx 000 0 und d
020 _a978-971-98-1140-4
100 _aAsuncion, Nestor M.
245 _cNestor M. Asuncion, Geoffrey Rhoel C. Cruz
_aReadings in Philippine history:
_boutcome-based module/
260 _aQuezon City:
_bC and E Publishing, Inc.
_c2019
300 _avii, 243 pages
_c22 cm.
650 _aPhilippines -- history
999 _c364137
_d364137